Walking in the spirit (Record no. 123817)
[ view plain ]
| 000 -LEADER | |
|---|---|
| fixed length control field | 00675nam a22001817a 4500 |
| 008 - FIXED-LENGTH DATA ELEMENTS--GENERAL INFORMATION | |
| fixed length control field | 151124b xxu||||| |||| 00| 0 eng d |
| 020 ## - INTERNATIONAL STANDARD BOOK NUMBER | |
| International Standard Book Number | 18808810522 |
| 050 ## - LIBRARY OF CONGRESS CALL NUMBER | |
| Classification number | BX3756.N172C767 2003 |
| 100 ## - MAIN ENTRY--PERSONAL NAME | |
| Personal name | Conwell, Joseph F. |
| 9 (RLIN) | 21176 |
| 245 ## - TITLE STATEMENT | |
| Title | Walking in the spirit |
| Remainder of title | a reflection on Jeronimo Nadal's phrase "contemplative likewise in action" |
| Statement of responsibility, etc | Joseph F. Conwell |
| 260 ## - PUBLICATION, DISTRIBUTION, ETC. (IMPRINT) | |
| Place of publication, distribution, etc | Saint Louis |
| Name of publisher, distributor, etc | Institute of Jesuit Sources |
| Date of publication, distribution, etc | 2003 |
| 300 ## - PHYSICAL DESCRIPTION | |
| Extent | xxii, 297p.; |
| Dimensions | 23cm. |
| 440 ## - SERIES STATEMENT/ADDED ENTRY--TITLE | |
| Title | Original studies composed in English |
| Number of part/section of a work | 17 |
| 9 (RLIN) | 21177 |
| 650 ## - SUBJECT ADDED ENTRY--TOPICAL TERM | |
| Topical term or geographic name as entry element | Nadal, Jerome |
| 9 (RLIN) | 21178 |
| 650 ## - SUBJECT ADDED ENTRY--TOPICAL TERM | |
| Topical term or geographic name as entry element | Jesuits |
| General subdivision | Spiritual life |
| 9 (RLIN) | 21179 |
| 650 ## - SUBJECT ADDED ENTRY--TOPICAL TERM | |
| Topical term or geographic name as entry element | Prayer |
| General subdivision | Catholic church |
| 9 (RLIN) | 11389 |
| 942 ## - ADDED ENTRY ELEMENTS (KOHA) | |
| Source of classification or shelving scheme | Library of Congress Classification |
| Item type | Monograph ( Printed materials) |
| Withdrawn status | Lost status | Source of classification or shelving scheme | Damaged status | Not for loan | Collection code | Home library | Current library | Shelving location | Date acquired | Total Checkouts | Full call number | Barcode | Date last seen | Date last borrowed | Price effective from | Koha item type |
|---|---|---|---|---|---|---|---|---|---|---|---|---|---|---|---|---|
| Library of Congress Classification | Main Collection | ARRUPE LIBRARY | ARRUPE LIBRARY | Main Collection | 24/11/2015 | 1 | BX3756.N172C767 2003 | 46500005604 | 22/11/2017 | 14/03/2016 | 24/11/2015 | Monograph ( Printed materials) | ||||
| Library of Congress Classification | Main Collection | ARRUPE LIBRARY | ARRUPE LIBRARY | Main Collection | 17/08/2016 | 1 | BX3756.N172C767 2003 | 46500010343 | 16/08/2023 | 26/04/2023 | 17/08/2016 | Monograph ( Printed materials) |